Formación humanística 1º : F.P., primer grado

Gespeichert in:
Bibliographische Detailangaben
Weitere Verfasser: Cabello, Alfonso
Format: Buch
Sprache:Spanisch
Erschienen: Madrid : Anaya, D. L. 1983
Katalog:MANES:  Suchergebnis im Bibliothekskatalog
Schulbuchspezifische Eigenschaften:
Schlagworte:
Tags: Tag hinzufügen
Keine Tags, Fügen Sie den ersten Tag hinzu!
Hinzugefügt zu:20.01.1998
Geändert in:07.05.2025

MARC

LEADER 00000cam a2200000 i 4500
005 20250507134411.0
008 980121s1983 espa fp 000 0 spa d
020 |a 842071707X 
040 |a uned  |b spa  |c entro-manes 
245 0 0 |a Formación humanística 1º :   |b F.P., primer grado /   |c Alfonso Cabello ... [et al.] 
260 |a Madrid :   |b Anaya,   |c D. L. 1983 
300 |a 221 p. :   |b il. 
546 |a España 
561 |5 es-BUNED  |3 L.T.M. 0650  |a España. Fondo Manes UNED  |k MANES 
690 0 |a CS  |a HI 
650 7 |a Humanidades  |9 37247  |a Arte  |9 36364  |a Cultura  |9 36278  |a Formación profesional 
691 0 |a SE 
700 1 |a Cabello, Alfonso  |9 37553 
942 |2 ddc  |c BK 
999 |c 93549  |d 93549 
999 |c manes:93549  |d 93549